Формирование нового подхода к пространственному взаимодействию предпринимательских структур в рыбной отрасли Мурманской области с использованием интеграции и цифровизации (Запись № 13717711)

Подробности
000 -МАРКЕР
контрольное поле 03175nam0a2200421 4500
001 - ИДЕНТИФИКАТОР ЗАПИСИ
контрольное поле RU\NLR\BIBL_A\022764169
005 - ИДЕНТИФИКАТОР ВЕРСИИ
контрольное поле 20260531100137.0
010 ## - МЕЖДУНАРОДНЫЙ СТАНДАРТНЫЙ НОМЕР КНИГИ (ISBN)
Номер (ISBN) 978-5-91137-544-7
Тираж 300
021 ## - НОМЕР ГОСУДАРСТВЕННОЙ РЕГИСТРАЦИИ
Код страны Российская Федерация
Номер КН-П-26-006309
Номер Листа государственной регистраци КН-П-26-0614
035 ## - ДРУГИЕ СИСТЕМНЫЕ НОМЕРА
Идентификатор записи (NLR Aleph) 022764169
100 ## - ДАННЫЕ ОБЩЕЙ ОБРАБОТКИ
Данные общей обработки 20260324d2025 k y0rusy50 ca
101 0# - ЯЗЫК РЕСУРСА
Язык текста, звукозаписи и т.д. русский
Язык резюме английский
102 ## - СТРАНА ПУБЛИКАЦИИ ИЛИ ПРОИЗВОДСТВА
Страна публикации Российская Федерация
105 ## - ПОЛЕ КОДИРОВАННЫХ ДАННЫХ: ТЕКСТОВЫЕ МАТЕРИАЛЫ, МОНОГРАФИЧЕСКИЕ
Кодированные данные о монографическом текстовом документе a z 000zy
181 #0 - ПОЛЕ КОДИРОВАННЫХ ДАННЫХ: ВИД СОДЕРЖАНИЯ
Код вида содержания (ISBD) i
Код характеристики содержания (ISBD) axxe
182 #0 - ПОЛЕ КОДИРОВАННЫХ ДАННЫХ: ТИП СРЕДСТВА
Код типа средства (ISBD) n - непосредственное
200 1# - ЗАГЛАВИЕ И СВЕДЕНИЯ ОБ ОТВЕТСТВЕННОСТИ
Основное заглавие Формирование нового подхода к пространственному взаимодействию предпринимательских структур в рыбной отрасли Мурманской области с использованием интеграции и цифровизации
Параллельное заглавие Formation of a new approach to spatial interactions of entrepreneurship structures in the fishing industry of the Murmansk region using integration and digitalization
Сведения, относящиеся к заглавию монография
Первые сведения об ответственности В. Е. Храпов, Т. В. Турчанинова
Последующие сведения об ответственности Министерство науки и высшего образования Российской Федерации, Федеральный исследовательский центр "Кольский научный центр Российской академии наук", Институт экономических проблем имени Г. П. Лузина
Язык параллельного заглавия английский
203 ## - ВИД СОДЕРЖАНИЯ И ТИП СРЕДСТВА
Вид содержания Текст
Дополнительные сведения об издании визуальный
Тип средства непосредственный
210 ## - ПУБЛИКАЦИЯ, РАСПРОСТРАНЕНИЕ И ДР.
Место издания, распространения и т.д. Апатиты
Имя издателя, распространителя и т. д. Изд-во Кольского научного центра РАН
Дата издания, распространения и т.д. 2025
215 ## - ФИЗИЧЕСКАЯ ХАРАКТЕРИСТИКА
Специфическое обозначение материала и объем 234 с.
Другие сведения о физической характеристике ил.
Размеры 26
300 ## - ОБЩИЕ ПРИМЕЧАНИЯ
Текст примечания Авт. также на англ. яз.: V. E. Khrapov, T. V. Turchaninova
300 ## - ОБЩИЕ ПРИМЕЧАНИЯ
Текст примечания На 4-й с. обл. авт.: д-р экон. наук, засл. работник рыб. хоз-ва В. Е. Храпов, канд. экон. наук, доц. Т. В. Турчанинова
300 ## - ОБЩИЕ ПРИМЕЧАНИЯ
Текст примечания Рез. англ.
320 ## - ПРИМЕЧАНИЯ О НАЛИЧИИ В ДОКУМЕНТЕ БИБЛИОГРАФИИ / УКАЗАТЕЛЯ
Текст примечания Библиогр.: с. 175-184 (142 назв.)
510 1# - ПАРАЛЛЕЛЬНОЕ ЗАГЛАВИЕ
Связь между полями z20790
Параллельное заглавие Formation of a new approach to spatial interactions of entrepreneurship structures in the fishing industry of the Murmansk region using integration and digitalization
Язык заглавия английский
606 1# - НАИМЕНОВАНИЕ ТЕМЫ КАК ПРЕДМЕТ
Наименование темы Рыбная промышленность
Географический подзаголовок Мурманская область
Системный номер авторитетной/нормативной записи 1578087
Идентификатор авторитетной/нормативной записи RU\NLR\AUTH\66991529
606 1# - НАИМЕНОВАНИЕ ТЕМЫ КАК ПРЕДМЕТ
Наименование темы Судоремонтные предприятия
Тематический подзаголовок Инновационная деятельность
Географический подзаголовок Мурманская область
Системный номер авторитетной/нормативной записи 2711274
Идентификатор авторитетной/нормативной записи RU\NLR\AUTH\6601771224
686 1# - ИНДЕКСЫ ДРУГИХ КЛАССИФИКАЦИЙ
Индекс У35(2)251(2Р-4Му)
686 1# - ИНДЕКСЫ ДРУГИХ КЛАССИФИКАЦИЙ
Индекс У30(2)585.454-55(2Р-4Му)
700 #1 - ИМЯ ЛИЦА - ПЕРВИЧНАЯ ОТВЕТСТВЕННОСТЬ
Графика поля Кириллица
Материалы, к которым относится поле rus
Начальный элемент ввода Храпов
Часть имени, кроме начального элемента ввода В. Е.
Расширение инициалов личного имени Владимир Евгеньевич
Системный номер авторитетной/нормативной записи 187345
Идентификатор авторитетной/нормативной записи RU\NLR\AUTH\770187396
701 #1 - ИМЯ ЛИЦА - АЛЬТЕРНАТИВНАЯ ОТВЕТСТВЕННОСТЬ
Графика поля Кириллица
Материалы, к которым относится поле rus
Начальный элемент ввода Турчанинова
Часть имени, кроме начального элемента ввода Т. В.
Расширение инициалов личного имени Татьяна Владимировна
Системный номер авторитетной/нормативной записи 143191
Идентификатор авторитетной/нормативной записи RU\NLR\AUTH\770143227
790 #1 - ИМЯ ЛИЦА - АЛЬТЕРНАТИВНАЯ ФОРМА
Связь между полями z20
Графика поля Латинская
Материалы, к которым относится поле rus
Начальный элемент ввода Chrapov
Часть имени, кроме начального элемента ввода V. E.
Расширение инициалов личного имени Vladimir Evgen'evič
Системный номер авторитетной/нормативной записи 187346
Идентификатор авторитетной/нормативной записи RU\NLR\AUTH\770187397
790 #1 - ИМЯ ЛИЦА - АЛЬТЕРНАТИВНАЯ ФОРМА
Связь между полями z20
-- z20510
Графика поля Латинская
Материалы, к которым относится поле rus
Начальный элемент ввода Turčaninova
Часть имени, кроме начального элемента ввода T. V.
Расширение инициалов личного имени Tat'jana Vladimirovna
Системный номер авторитетной/нормативной записи 143196
Идентификатор авторитетной/нормативной записи RU\NLR\AUTH\770143232
942 ## - ДОПОЛНИТЕЛЬНЫЕ ЭЛЕМЕНТЫ ЗАПИСИ (АБИС)
Тип экземпляра АБИС Книга
980 ## - КОЛЛЕКЦИЯ
Название коллекции Национальная библиография

Нет доступных экземпляров.